Student self-study guide: McCary's human sexuality
Zapisane w:
| 1. autor: | |
|---|---|
| Format: | Książka |
| Język: | angielski |
| Wydane: |
Belmont
Wadsworth Publishing
1982
|
| Wydanie: | 4a. ed |
| Hasła przedmiotowe: | |
| Etykiety: |
Dodaj etykietę
Nie ma etykietki, Dołącz pierwszą etykiete!
|
MARC
| LEADER | 00000nam a2200000 a 4500 | ||
|---|---|---|---|
| 001 | UCX4387 | ||
| 003 | CL-VaPUC | ||
| 008 | 920429e19820000US |||||||||||||||||eng|d | ||
| 082 | 0 | 4 | |a 306.7 |b MCC |2 21 |
| 100 | |a McCary, Stephen P. |e autor |9 320534 | ||
| 245 | 1 | 0 | |a Student self-study guide: McCary's human sexuality |
| 250 | |a 4a. ed | ||
| 300 | |a 143 p | ||
| 942 | |c BK | ||
| 945 | |d 19920429 00:00:00 | ||
| 260 | |a Belmont |b Wadsworth Publishing |c 1982 | ||
| 650 | 0 | |a Educación sexual |9 308005 | |
| 650 | 7 | |a ENSEÑANZA PROGRAMADA |2 CL-VaPUC |9 263217 | |
| 583 | |a last modification |c 20170726 05:39:44 |k Rodrigo Vera | ||
| 999 | |c 224853 |d 224851 | ||
| 952 | |0 0 |1 0 |4 0 |6 306_700000000000000_MCC_1982 |7 0 |8 A |9 221852 |a BIBGIM |b BIBGIM |d 2019-11-15 |i 2907399 |o 306.7 MCC 1982 |p 2907399 |r 2025-01-15 |w 2019-11-15 |y BK |k SSL | ||